Normal view
MARC view
- جزء تبارك -تفسير - القران الكريم
Entry Topical Term
001 - CONTROL NUMBER
- control field: 7831
003 - CONTROL NUMBER IDENTIFIER
- control field: JO-AjAnu
005 - DATE AND TIME OF LATEST TRANSACTION
- control field: 20230606071550.0
008 - FIXED-LENGTH DATA ELEMENTS
- fixed length control field: 230606|| aca||aabn | a|a d
040 ## - CATALOGING SOURCE
- Original cataloging agency: JO-AjAnu
- Transcribing agency: JO-AjAnu
150 ## - HEADING--TOPICAL TERM
- Topical term or geographic name entry element: جزء تبارك -تفسير - القران الكريم
670 ## - SOURCE DATA FOUND
- Source citation: Work cat.: (JO-AjAnu)4046: حجازي، محمود؛ عنى به عبادة فارس الشامي, author 7830, تفسير جزء تبارك من النفسير الواضح